01169nam a2200193Ia 4500001001100000003001000011008004100021040002500062041001300087100001700100245008000117250001100197260008900208300001200297500026000309501011400569520026000683650003200943L600-26393IT-CnALBA170116s9999||||xx |||||||||||||| ||und|| aIT-CnALBAcIT-CnALBA aITALIANO aMAZZEI DANTE 0aEDUCAZIONE TECNICA CON APPLICAZIONI. PER I CORSI MASCHILI DI SCUOLA MEDIA.  a2a ed. a FIRENZE MESSINAbD'ANNA CASA EDITR. c1978 [1° Ed.:1971 - Ed.Ling.Originale: 1971] a530 p.  aBANCO. LEGNO. COMPENSATI. PANIFORTI. PANNELLI. METALLI. METALLOIDI. LEGHE. FERRO. GHISA. ACCIAIO. RAME. BRONZO. OTTONE. ALLUMINIO. PIOMBO. STAGNO. ZINCO. ARGENTO. ORO. PLATINO. PETROLIO. FLORICOLTURA GIARDINAGGIO ORTOCOLTURA. CORPO UMANO. CORRENTE ELETTRI aSocietà San Paolo EM - Piazza San Paolo, 14 - 12051 ALBA (CN) (non commercial uses only) ® Copyright 2017 aBANCO. LEGNO. COMPENSATI. PANIFORTI. PANNELLI. METALLI. METALLOIDI. LEGHE. FERRO. GHISA. ACCIAIO. RAME. BRONZO. OTTONE. ALLUMINIO. PIOMBO. STAGNO. ZINCO. ARGENTO. ORO. PLATINO. PETROLIO. FLORICOLTURA GIARDINAGGIO ORTOCOLTURA. CORPO UMANO. CORRENTE ELETTRI aSCIENZE APPLICATE IN GENERE